000
00313nam a22001337a 4500
003
SGT
020
_a
97815-43344-22-6
100
_a
SHARMA, VRVASHI
245
_a
NEW APPROACH TO INDUSTRIAL PHARMACY-II
250
_a
1st
260
_a
S, VIKASH
_b
PUNJAB
_c
2020
650
_a
INDUSTRIAL, PHARMACY
942
_2
ddc
_c
BK
999
_c
24691
_d
24691